00870cam a22002054a 4500020002800000040000800028082002600036245012600062260006800188300003400256650001700290650002500307650002300332700002400355856006400379856005000443942000700493999001700500952014700517 a0521594243 (alk. paper) cDLC00a330 CAM 2000 A069 Or.10aNonlinear econometric modeling in time series :bproceedings of the eleventh International Symposium in Economic Theory / aCambridge, UK ;aNew York :bCambridge University Press,c2000. axii, 227 p. :bill. ;c24 cm. 0aEconometrics 0aTime-series analysis 0aNonlinear theories1 aBarnett, William A.42uhttp://www.loc.gov/catdir/description/cam0210/99034095.html4 uhttp://lcweb.loc.gov/catdir/toc/99034095.html cEK c14619d14619 0010406330_000000000000000_CAM_2000_A069_OR70966953aLBAbLBAcA069d2017-10-20o330 CAM 2000 A069 Or.pA07200r2017-10-20w2017-10-20yEK